=LDR 00000nam 2200000 4500 =001 INLIS000000000040612 =005 20130612150156 =008 ***********************************Ind** =035 ##$$0010-061300000040612 =041 ##$$a Ind =082 ##$$a 780 =090 ##$$a 780, Pur m =100 ##$$a Purwanto, Hari =245 ##$$a Musik Magic with sibelius 5/ Hari Purwanto; Editor, C. Widya Hermawan =260 ##$$a 2009 $b Yogyakarta =300 ##$$a 64 hlm., ilus., 24 cm =650 ##$$a Musik =700 ##$$a Hermawan, C. Widya =850 ##$$a NBPNMAT